000 00751cab a2200229 4500
001 ABS49425
008 090401t1993 xxu||||| |||| 00| 0 eng d
035 _a(Sirsi) u71183
041 _aeng
100 _aMcKenzie, I.
245 _aBelow ground problems for ancient structures
260 _c1993
350 _a0
490 _aConstruction Repair
_v7(5) September/October 1993, 36-39(4)
520 _aConsiders the remedies available for foundation/substructure problems in old buildings.
650 _aANCIENT STRUCTURES
650 _aBUILT ENVIRONMENT-BUILDING ELEMENTS-COMPLETE BUILDING ELEMENTS-FOUNDATIONS
650 _aUNDERPINNING
690 _aBUILDING AND CONSTRUCTION-DEFECTS AND FAILURES
942 _n0
948 _c04/03/1997
999 _c44842
_d44842